| 000 | 00842cam a2200289 a 4500 | ||
|---|---|---|---|
| 999 |
_c526960 _d526960 |
||
| 001 | 1913906 | ||
| 003 | NUST | ||
| 005 | 20190718060413.0 | ||
| 008 | 850327s1986 nyua 001 0 eng | ||
| 010 | _a 85007749 | ||
| 020 | _a0070238758 (pbk.) | ||
| 038 | _aArshad | ||
| 040 |
_aDLC _cDLC _dDLC |
||
| 050 | 0 | 0 |
_aQA76.73.B3 _bG67 1986 |
| 082 | 0 | 0 |
_a005.133 _bGOT |
| 100 | 1 |
_aGottfried, Byron S., _d1934- _917975 |
|
| 245 | 1 | 0 |
_aSchaum's Outline programming with C / _cByron S. Gottfried. |
| 250 | _a3rd ed. | ||
| 260 |
_aNew York : _bMcGraw-Hill, _c2017. |
||
| 300 |
_a386 p. : _bill. ; _c28 cm. |
||
| 490 | 0 | _aSchaum's outline series | |
| 500 | _aIncludes index. | ||
| 650 | 0 |
_a (Computer program language) _91226 |
|
| 740 | 0 | _aProgramming with BASIC. | |
| 906 |
_a7 _bcbc _corignew _d1 _eocip _f19 _gy-gencatlg |
||
| 942 |
_2ddc _cBK |
||